000 00627nam a2200241Ia 4500
003 OSt
005 20221005033617.0
006 a|||||r|||| 00| 0
007 ta
008 221004b |||||||| |||| 00| 0 eng d
024 _a58995
037 _cTextual
040 _aCRL
_cCRL
_beng
041 _2eng
_aeng
082 _aV2:25xM69, M3
100 _aJha Rama
245 0 _aGandhian thought and Indo-anglian novelists
260 _aDelhi
_bChanakya
_c1983
300 _a209p.
_ccm.
650 _aGANDHI, MAHATAMA
_94156
942 _hV2:25xM69, M3
_cTEXL
_2cc
999 _c941836
_d941836